| 000 | 00700 a2200205 4500 | ||
|---|---|---|---|
| 010 | _aENG-89227 | ||
| 020 |
_a8189239374 _c500.00 |
||
| 035 | _aEN-72760 | ||
| 037 | _bDBAD / PUB | ||
| 082 | 1 | 4 | _a320.954 |
| 090 |
_c10593 _d10593 |
||
| 100 | 1 | _aNarula , Sanjay | |
| 245 | 1 |
_aIndian politics/ _cby Sanjay Narula |
|
| 260 |
_aNew Delhi _bMurari lal & Sons _c2007 |
||
| 270 |
_a4378/4B ,Ansari Road , Darya Ganj _bNew Delhi _e110002 _k011-23261839 ,011-23285119 |
||
| 300 |
_a248p. _c22cm. (Hb.) |
||
| 500 | _aIncludes bibliographical references and index | ||
| 942 |
_adpl _cEN _k320.954 /NAR |
||
| 999 |
_c10310 _d10310 |
||